| 000 | 01041nam a2200277 i 4500 | ||
|---|---|---|---|
| 003 | DO-SdBNP | ||
| 005 | 20251014151055.0 | ||
| 007 | ta | ||
| 008 | 100127s2002 dr 000 spa d | ||
| 020 | _a9993425397 | ||
| 040 |
_aDO-SdBNP _bspa _cBNPHU _erda |
||
| 041 | _aspa | ||
| 082 | 4 |
_a305.4 _bG326 _222 |
|
| 245 | 0 | 3 |
_aEl género en la agenda pública dominicana : _bestudios de caso y análisis comparativo / _ceditor, Denise Paiewonsky |
| 250 | _aPrimera edición | ||
| 264 | 4 |
_aSanto Domingo, República Dominicana : _bCentro de Estudios de Género, _bInstituto Tecnológico de Santo Domingo (INTEC), _c©2002. |
|
| 300 |
_axiii, 288 páginas ; _c21 cm. |
||
| 336 |
_atexto _btxt _2rdacontent |
||
| 337 |
_asin mediación _bn _2rdamedia |
||
| 338 |
_avolumen _bnc _2rdacarrier |
||
| 500 | _aIncluye referencias bibliográficas y notas al pie de las páginas | ||
| 590 | _aInventariado, 2023/BT | ||
| 700 | 1 |
_aPaiewonsky, Denise, _eeditor _92237 _4ed. |
|
| 910 | _aBtavárez. Validado control de calidad/MAA | ||
| 942 |
_2ddc _cLBS1 |
||
| 999 |
_c14473 _d14473 |
||